Central Library OPAC University of Rajshahi

عرفان غالب ;; / Irfan Ghalib / (Record no. 84849)

MARC details
000 -LEADER
fixed length control field 00670nam a22002177a 4500
001 - CONTROL NUMBER
control field 84849
003 - CONTROL NUMBER IDENTIFIER
rucl marc code BD-RjUL
005 - DATE AND TIME OF LATEST TRANSACTION
control field 20250423144728.0
008 - FIXED-LENGTH DATA ELEMENTS--GENERAL INFORMATION
fixed length control field 250423s1973 ii ||||| |||| 00| 0 urd d
035 ## - SYSTEM CONTROL NUMBER
System control number (BD-RjUL)84849
040 ## - CATALOGING SOURCE
Original cataloging agency BD-RjUL
Language of cataloging eng
Transcribing agency BD-RjUL
041 ## - LANGUAGE CODE
Language code of text/sound track or separate title urd
082 ## - DEWEY DECIMAL CLASSIFICATION NUMBER
Edition number 23
Classification number 891.43914092
Author mark and year SAI 1973
100 ## - MAIN ENTRY--PERSONAL NAME
Personal name سرور، آل احمد ;; Sarwar, Al-Ahmad
9 (RLIN) 12398
245 10 - TITLE STATEMENT
Title عرفان غالب ;; / Irfan Ghalib /
Statement of responsibility, etc. آل احمد سرور ;; All Ahmad Sarwar
260 ## - PUBLICATION, DISTRIBUTION, ETC. (IMPRINT)
Place of publication, distribution, etc. علی گرڑہ ;; Ali Garh :
Name of publisher, distributor, etc. شعبہ اردو ,
Date of publication, distribution, etc. 1973
300 ## - PHYSICAL DESCRIPTION
Pagination 299 p. ;
Size 22 cm
600 ## - SUBJECT ADDED ENTRY--PERSONAL NAME
Personal name Ghalib , Mirja
650 ## - SUBJECT ADDED ENTRY--TOPICAL TERM
Topical term or geographic name as entry element Biography
942 ## - ADDED ENTRY ELEMENTS (KOHA)
Source of classification or shelving scheme Dewey Decimal Classification
Koha item type Books
Holdings
Lost status Source of classification or shelving scheme Damaged status Not for loan Collection code Permanent Location Current Location Shelving location Date acquired Full call number Date last seen Copy number Koha item type
  Dewey Decimal Classification   Not For Loan Non-fiction Central Library, University of Rajshahi Central Library, University of Rajshahi Reading Room 23/04/2025 U 891.43914092 SAI 1973 23/04/2025 C-1 Books